000 00399pab a2200145 454500
008 180718b1983 xxu||||| |||| 00| 0 eng d
100 _aSingh, T.N.
245 _aIn adequacy of short - term cooperative credit to agriculture in Bihar
260 _c1983
300 _a51-3
362 _aJan.-Mar.
650 _aCooperative Banks - India - Bihar
773 _aCooperative Perspective
909 _a6680
999 _c6680
_d6680